Caricamento...

India: The Siege Within: Challenges to a Nation's Unity.

Dettagli Bibliografici
Autore principale: Akbar, M.J
Natura: Printed Book
Lingua:English
Pubblicazione: New Delhi UBS 1996
Edizione:10th rev. ed.
Soggetti:
LEADER 00661nam a2200253 a 4500
001 adlib96000001
003 ViArRB
005 20151026131250.0
008 960221s1955 dcuabcdjdbkoqu001 0deng d
020 |a 81 7476 076 8 
022
040 |a Adlib 
082 |a 954 
245 |a India: The Siege Within: Challenges to a Nation's Unity. 
250 |a 10th rev. ed. 
260 |a New Delhi  |b UBS  |c 1996 
300 |a xx, 316 p 
500 |a   
100 |a Akbar, M.J. 
700
942 |c BK  |6 _ 
653 |a India - History 
999 |c 23861  |d 23861 
952 |0 0  |1 0  |4 0  |6 954_AKB  |7 0  |9 35452  |a UL  |b UL  |d 2010-06-16  |o 954 AKB  |p 00041706  |r 2010-06-16  |w 2010-06-16  |y BK